01771cam a2200337 i 450000100090000000300090000900500170001800800410003502000180007604000910009408200230018510000330020824500970024126400460033830000450038433600260042933700280045533800270048350400520051050504460056265000430100865000430105165000370109465100100113165300270114165500170116870000480118594200120123399900170124595201710126217853692EG-ScBUE20230315114801.0130815s2013 enka f b 001 0 eng d a9780230361089 aYDXbengerdacYDXdYDXCPdBTCTAdUKMGBdCDXdERASAdBWXdCUSdCUDdDGUdDLCdEG-ScBUE04a792.09034222bPIC1 aPickering, Kenneth,eauthor.10aNaturalism in theatre :bits development and legacy /cKenneth Pickering and Jayne Thompson. 1aBasingstoke :bPalgrave Macmillan,c2013. axvi, 232 pages :billustrations ;c24 cm 2rdacontentatextbtxt 2rdamediaaunmediatedbn 2rdacarrieravolumebnc aIncludes bibliographical references and index. 0 aPart I. Introducing naturalism. Initial definitions -- Manifestos -- Part II. Naturalism in its context. The European scene -- Naturalism in the theatre : the search for truth -- Part III. Plays, players and playhouses. Meiningen : a prelude to naturalism -- Andre Antoine and the theatre libre -- Otto Brahm and the Freie Buhne -- Moscow art theatre -- Part IV. The legacy. The immediate legacy -- The royal court again -- Verbatim theatre. 7aTheaterxHistoryy19th century.2BUEsh 7aTheaterxHistoryy20th century.2BUEsh 7aNaturalism in literature.2BUEsh 2BUEsh bHHUUEENNcFebruary2017 vReading book1 aThompson, Jayneq(Jayne Elisabeth)eauthor. 2ddccBB c24101d24073 00102ddc40708BaccahaMAINbMAINc2NDd2017-02-08ePurchaseg378.00h27334l1m5o792.09034 PICp000041130r2025-07-15 00:00:00s2019-06-12v472.50w2017-02-08yBB